Sistema de información para la Cancillería - Secretaría Episcopal de la Diócesis de Santa Ana (Registro nro. 21496)

Detalles MARC
000 -CABECERA
Longitud fija campo de control 01170nam a22002297a 4500
003 - IDENTIFICADOR DELl NÚMERO DE CONTROL
Identificador del número de control OSt
005 - FECHA Y HORA DE LA ÚLTIMA TRANSACCIÓN
Fecha y hora de la última transacción 20190826163955.0
008 - CÓDIGOS DE INFORMACIÓN DE LONGITUD FIJA
Códigos de información de longitud fija 150409b xxu||||| |||| 00| 0 eng d
040 ## - FUENTE DE LA CATALOGACIÓN
Centro transcriptor BMC
082 ## - NÚMERO DE LA CLASIFICACIÓN DECIMAL DEWEY
Númeroo de clasificación 004.1
100 1# - PUNTO DE ACCESO PRINCIPAL-NOMBRE DE PERSONA
9 (RLIN) 34805
Nombre de persona Magaña Magaña, Elsi Beatriz
245 10 - MENCIÓN DE TÍTULO
Título Sistema de información para la Cancillería - Secretaría Episcopal de la Diócesis de Santa Ana
Resto del título : proyecto
Mención de responsabilidad, etc. Elsi Beatriz Magaña Magaña, Edwin Antonio Cartagena Ramírez, Mike Frandy Pacheco Ramírez; Omar Alaxander Martinez, asesor
260 ## - PUBLICACIÓN, DISTRIBUCIÓN, ETC. (PIE DE IMPRENTA)
Lugar de publicación, distribución, etc. Santa Ana (El Salvador)
Nombre del editor, distribuidor, etc. Universidad Católica de El Salvador
Fecha de publicación, distribución, etc. 2010
300 ## - DESCRIPCIÓN FÍSICA
Extensión 1 v. (pág. var.)
Otras características físicas il. col
Dimensiones 28 cm
Material anejo + 1 disco compacto
500 ## - NOTA GENERAL
Nota general Precede al tít.: Universidad Católica de El Salvador, Facultad de Ciencias Empresariales
502 ## - NOTA DE TESIS
Nota de tesis Trabajo de graduación para optar al grado académico de Licenciatura en Sistemas Informáticos Administrativos
650 24 - PUNTO DE ACCESO ADICIONAL DE MATERIA - TÉRMINO DE MATERIA
9 (RLIN) 2031
Término de materia o nombre geográfico como elemento inicial Informática
700 1# - PUNTO DE ACCESO ADICIONAL - NOMBRE DE PERSONA
9 (RLIN) 34806
Nombre de persona Cartagena Ramírez, Edwin Antonio
700 1# - PUNTO DE ACCESO ADICIONAL - NOMBRE DE PERSONA
9 (RLIN) 34807
Nombre de persona Pacheco Ramírez, Mike Frandy
710 2# - PUNTO DE ACCESO ADICIONAL - NOMBRE DE ENTIDAD
9 (RLIN) 1067
Nombre de entidad o nombre de jurisdicción como elemento inicial Universidad Católica de El Salvador
Unidad subordinada Facultad de Ciencias Empresariales
942 ## - ENTRADA DE ELEMENTOS AGREGADOS (KOHA)
Fuente de clasificaión o esquema Dewey Decimal Classification
Koha [por defecto] tipo de item 4- Trabajo de Graduación
Parte de clasificación prozim
Existencias
Suprimido Perdido Fuente de clasificación o esquema Estropeado Restricciones de uso No para préstamo Código de colección Localización permanente Localización actual Localización en estanter&íacute;as Fecha adquisición Fuente de adquisición Número de inventario Préstamos totales Signatura completa Código de barras Fecha última consulta Fecha último préstamo Fecha del precio de reemplazo Tipo de item de Koha
NULL NULL Dewey Decimal Classification NULL Prestable NULL NULL Biblioteca Miguel de Cervantes - UNICAES Biblioteca Miguel de Cervantes - UNICAES Sala Principal 16/07/2015 Donación - Elsi Beatriz Magaña Magaña, Edwin Antonio Cartagena Ramírez, Mike Frandy Pacheco Ramírez 001072 1 P-001072 1032609 28/02/2019 28/02/2019 16/07/2015 4- Trabajo de Graduación
NULL NULL Dewey Decimal Classification NULL Prestable NULL NULL Biblioteca Miguel de Cervantes - UNICAES Biblioteca Miguel de Cervantes - UNICAES Sala Principal 16/07/2019 Donación - Elsi Beatriz Magaña Magaña, Edwin Antonio Cartagena Ramírez, Mike Frandy Pacheco Ramíre 000644   P-000644 1031655 26/08/2019   26/08/2019 4- Trabajo de Graduación